Geometry: an investigative approach
Tallennettuna:
| Päätekijät: | , |
|---|---|
| Aineistotyyppi: | Kirja |
| Kieli: | englanti |
| Julkaistu: |
Reading
Addison-Wesley
1976
|
| Sarja: | Addison-Wesley Innovative Series
|
| Aiheet: | |
| Tagit: |
Lisää tagi
Ei tageja, Lisää ensimmäinen tagi!
|
MARC
| LEADER | 00000nam a2200000 a 4500 | ||
|---|---|---|---|
| 001 | UCP1629 | ||
| 003 | CL-VaPUC | ||
| 008 | 990416e19760000US |||||||||||||||||eng|d | ||
| 082 | 0 | 4 | |a 516 |b ODA |2 21 |
| 100 | |a O'Daffer, Phares G. |e author |9 427787 | ||
| 700 | 0 | |a Clemens, Stanley R |e author |9 427788 | |
| 245 | 1 | 0 | |a Geometry: an investigative approach |
| 300 | |a 445 p | ||
| 942 | |c BK | ||
| 945 | |d 19990416 00:00:00 |a crobeson | ||
| 260 | |a Reading |b Addison-Wesley |c 1976 | ||
| 650 | 0 | |a Geometría |9 264063 | |
| 650 | 7 | |a POLIGONOS |2 CL-VaPUC |9 270337 | |
| 650 | 0 | |a Topología |9 260092 | |
| 650 | 7 | |a ESPACIOS |2 CL-VaPUC |9 384635 | |
| 583 | |a last modification |c 19990416 00:00:00 |k Rodrigo Vera | ||
| 490 | 0 | |a Addison-Wesley Innovative Series | |
| 999 | |c 280295 |d 280293 | ||
| 952 | |0 0 |1 0 |4 0 |6 516_000000000000000_ODA_1976 |7 0 |8 A |9 320545 |a BIBMAT |b BIBMAT |d 2019-11-20 |i 1343599 |o 516 ODA 1976 |p 1343599 |r 2025-01-07 |w 2019-11-20 |y BK |k MAT | ||